000 00844nam a2200217Ii 4500
003 JO-AjNU
008 230605s9999||||xx |||||||||||||| ||und||
017 _a82/2439
020 _a977-7196-73-3
040 _aJO-AjNU
_bara
_erda
_cJO-AjNU
041 _aara
050 1 4 _aBP166.T343.I26 1982
100 3 _aالحنفي، علي بن علي بن محمد بن ابي العز ، تحقيق وتعليق: عبد الرحمن عميرة,
_eauthor
_99166
245 0 0 _aشرح الطحاوية في العقيدة السلفية
264 3 1 _aالرياض: مكتبة المعارف، 1982
300 _a413ص
_bيشتمل على الفهارس(ص381-413)
336 _atext
_btxt
_2rdacontent
337 _aunmediated
_bn
_2rdamedia
338 _avolume
_bnc
_2rdacarrier
650 4 _aعلم الكلام- العقيدة الاسلامية
_99167
999 _aA1159
_c4727
_d4727